000 00338nam a2200145 a 4500
008 990916s1964||||xx 0 und c
040 _aSNK
_bslo
_cSNK
_eAACR2
100 1 _aLánik, Jozef
245 1 0 _aČo Dante nevidel
260 _aBratislava
_bOsveta
_c1964
300 _a269 s.
020 _c14,50
044 _axo
_cSK
041 _aslo
999 _c12077
_d12077